Parodies dans les Simpson par image #2 - Statistiques

Statistiques générales
  • Ce quiz a été pris 1 031 fois
    854 depuis la dernière actualisation
  • Le résultat moyen est 12 sur 20
Statistiques - réponses
Par images Réponse % Correct
La Reine des Neiges
92%
La Belle et le Clochard
91%
Steamboat Willie
86%
Vice-Versa
86%
Blanche-Neige et les 7 nains
85%
Les 4 Fantastiques
84%
South Park
84%
Rick et Morty
78%
Toy Story
76%
Boucle d'or et les Trois Ours
64%
Inception
55%
Charlie et la Chocolaterie
54%
Le Silence des agneaux
52%
Orange Mécanique
45%
La Cène
36%
Tom Sawyer
36%
Pulp Fiction
28%
La Ligne verte
24%
Le Fabuleux Destin d'Amélie Poulain
7%
Homeland
2%
Aucun quiz correspondant
Distribution des résultats
% des personnes avec chaque résultat
Percentile par nombre de réponses
Votre historique - résultats
Vous n’avez pas pris ce quiz depuis la dernière actualisation